| Tag |
First Indicator |
Second Indicator |
Subfields |
| LEADER |
00000cam a2200000 4500 |
| 001 |
in00000058806 |
| 005 |
20151008050500.0 |
| 008 |
750815s1917 nyu b 00000 eng u |
| 010 |
|
|
|a 18001496
|
| 035 |
|
|
|a (OCoLC)01548178
|
| 035 |
|
|
|9 AAG1305AM
|
| 040 |
|
|
|c TOL
|d TXA
|d UtOrBLW
|
| 049 |
|
|
|a TXAM
|c [10685]
|
| 050 |
|
0 |
|a JK1758
|b .T3 1917
|
| 092 |
|
|
|a 325.73
|b T142a
|
| 100 |
1 |
|
|a Talbot, Winthrop.
|
| 245 |
1 |
0 |
|a Americanization ;
|b principles of Americanism, essentials of Americanization, technic of race-assimilation, annotated bibliography /
|c comp. and ed. by Winthrop Talbot ...
|
| 264 |
|
1 |
|a New York :
|b The H. W. Wilson company,
|c 1917.
|
| 300 |
|
|
|a lii pages, 1 leaf, 320 pages ;
|c 20 cm.
|
| 336 |
|
|
|a text
|b txt
|2 rdacontent
|
| 337 |
|
|
|a unmediated
|b n
|2 rdamedia
|
| 338 |
|
|
|a volume
|b nc
|2 rdacarrier
|
| 490 |
1 |
|
|a The handbook series
|
| 504 |
|
|
|a "Select biography on Americanization": pages [xiii]-lii.
|
| 650 |
|
0 |
|a Americanization.
|
| 830 |
|
0 |
|a Handbook series.
|
| 999 |
|
|
|a MARS
|
| 999 |
f |
f |
|s cddc2069-5ef5-39bc-adad-e2b858c10704
|i 91f7108b-d46f-3b08-91d4-fbdfa2f4e592
|t 0
|
| 952 |
f |
f |
|p ric
|a Texas A&M University
|b Rellis Campus
|c Joint Library Facility
|d Remote Storage
|t 0
|e JK1758 .T3 1917
|h Library of Congress classification
|i unmediated -- volume
|m A14800672414
|
| 998 |
f |
f |
|a JK1758 .T3 1917
|t 0
|l Remote Storage
|